[Event "SuperGM"]
[Site "Linares ESP"]
[Date "2002.02.23"]
[Round "1"]
[White "Ponomariov, Ruslan"]
[Black "Ivanchuk, Vassily"]
[Result "1-0"]
[WhiteElo "2727"]
[BlackElo "2717"]
[Annotator "Hathaway, Mark"]

{ This game pairs the two finalists of the FIDE world championship. Ponomariov won that match. This could be seen as a continuation, if one desired; though that's not really productive. }
1. e4
{ Ponomariov plays 1. e4 in much the same way as any of the other top-level GMs. }
1...e6
{ Now, along with Pe4 there is an indication Black will place pawns on light-color squares to prevent Bf1 from ever being dangerous. White will probably have to meet 2...d5 with e4-e5 to open the d3-h7 diagonal. So, White needs a Pd4 to support Pe5. }
2. d4 d5 3. Nc3
{ I've had doubts about this move for a long time. It's not so easy to prove it's wrong, but by blocking Pc2 it makes d3 less hospitable for a bishop and it makes Pd4 a little weaker. }
 ( 3. e5 
{ favored by Nimcovics (at least in commentaries) and leaves open the way for c2-c3, so Bf1-d3 can't be chased off the d3-h7 diagonal by ...c7-c5-c4. However, This variation offers Black a natural point of attack (Pd4) and that allows him to keep the balance. }
 ) ( 3. Nd2 
{ aims to support Pe4, so White might still have use of central squares. But, this also fails to pressure Black in any substantial way and so offers only a slight advantage. }
 ) ( 3. exd5 
{ opens lines in hopes of catching Ke8 on the open e-file, but in practice doesn't generally cause many problems. Black can develop his pieces freely. }
 ) 3...Bb4 $1
{ Winawer Variation -- by pinning Nc3 Black keeps Nc3 awkward. It does, however, give White time for e4-e5. }
 ( 3...dxe4 
{ prevents e4-e5, but releases Nc3, so it's not to be recommended for all occasions. It will be seen in several games later in this tournament. }
 ) 4. e5 c5
{ Black attacks in a most natural way, though he does leave Pg7 exposed for the moment. }
 ( 
{ an interesting alternative way to defend Pg7 is }
 4...Qd7 5. Qg4 f5 6. Qg3 b6 
{ when Black plans ...Bc8-a6xf1 to trade off his bad bishop and clearing the way for further developments; while leaving open options for Ke8. It changes the king-side pawn structure before White can impress his will there. The downside is that it weakens Pe6 and brings Pf5 closer to White, so a move such as g2-g4 is closer to forcing a line-opening. }
 ) ( 
{ Another idea, similar to ...Qd8-d7 is }
 4...b6 5. a3 Bf8 
{ where Black believes he has fixed Pd4 on a weak square and he isn't about to trade ...Bb4xNc3 until forced. The downside is that Nc3 is now free to move, freeing up c2-c3 and ensuring Bf1-d3 will be comfortable. There's also a chance White might use Pa3 to support b2-b4 in an effort to clamp down on Black's queen-side "break" ...c7-c5. }
 ) 5. a3
{ This is a saving grace which helps White straighten-out his queen-side a bit. }
5...Bxc3+ ( 5...Ba5 
{ has been tried, to keep the pressure on, but it hasn't proven to be more effective than the game move }
 ) 6. bxc3
{ After this it's clear White has to attack at the base of Black's pawn chain (Pf7, g7, h7) and Black can attack Pc2, Pc3 & Pd4; but both will also be keeping their eyes on the opponent's king, hoping to ensnare him in an attack. }
6...Ne7 ( 6...Nc6 7. Qg4 
{ might be awkward for Black because he doesn't want to play ...g7-g6 and ...Ke8-f8 leaves Rh8 stuck in the corner }
 ) 7. Qg4 O-O
{ For a time this was considered bad, but has recently made a come-back. The king seems a little out of place (unlike after ...O-O-O) , but with ...f7-f5 he's been able to slow White's attacks. }
 ( 
{ Previously and still a favorite is }
 7...Qc7 
{ offering Pg7 (the Poison Pawn Variation ) in exchange for time to attack Pd4 & Pc3 and possibly even Ke1 }
 8. Qxg7 Rg8 9. Qxh7 cxd4 10. Ne2 Nbc6 11. f4 dxc3 12. Qd3 ) 8. Bd3 ( 8. dxc5 
{ in preparation for Bf1-d3 should also be considered }
 ) 8...f5 ( 8...c4 
{ chases Bd3 off this ideal diagonal, but also leaves Pc3 & Pc2 less vulnerable. Whether this is good depends upon how safe Kg8 is from other attack plans and whether Black can generate any serious offense on the queen-side without pressure on Pd4 }
 ) 9. exf6 Rxf6
{ Black hasn't blocked-out Bd3, but has more room for his pieces to defend Kg8. The backward Pe6 is hardly of importance when a king's safety is at stake. There is even the possibility of ...e6-e5 (discovering an attack on Qg4) and then ...e5-e4 to block out Bd3. }
10. Bg5 Rf7 11. Qh5
{ threatening Qh5xh7+ or Bd3xh7+ }
11...g6
{ this secures Ph7 and may serve to provide a support for ...Ne7-f5 }
12. Qd1
{ Although he could have played 12. Qh4 I think he might have had it in mind to play h2-h4-h5xg6 to continue the attack on Kg8. In any event after Qd8 moves Black would have ...Ne7-f5, so Qd1 is safer. }
 ( 12. Qe2 $4 c4 
{ traps Bd3 }
 ) 12...Nbc6 13. Nf3
{ It seems to me this is the moment for Black to define (and begin) his middle-game plan. To develop Bc8-d7 isn't much: ideally Black could now (without White's Pe5) aim for ...e6-e5 when Bc8 could develop to g4 or f5. So, 13...c4 14. Be2 Qd6 might be a good start. If one doesn't like ...c5-c4 then 13...Qd6 could still be played. White can't fight for square e5 so easily. }
13...Qf8 $6 ( 13...Qd6 ) ( 13...c4 14. Be2 Qd6 ) 14. O-O c4 15. Be2 h6
{ further weakening the king's position seems unnecessary. }
 ( 
{ Better might be }
 15...Qg7 ) 16. Bc1 ( 16. Bd2 ) 16...Bd7 17. Ne1 $5 $146
{ I'm told this is a novelty, which means all which preceded it had been played before. This amazes me because it seems to me Black's play was far from perfect. }
17...g5 ( 17...e5 $5 18. dxe5 Nxe5 19. Qd4 N5c6 20. Qh4 ) 18. g3
{ While Black is moving the pawns in front of his king White aims to control f4, leaving Black's center and king weak. Those two factors (if achieved by White) could lead to a won position. }
18...Nf5 19. Ng2 Qg7 20. f4 Nd6 21. Qe1 b5
{ White might have found it useful to play a3-a4, but Black uses Pb5 to bind Pa3 & Pc3 which blocks Bc1 and Ra1. This isn't essential to a resolution of the pressures on Pf4, but it could contribute to the pressure on Ponomariov to find his way. }
22. fxg5
{ Ponomariov prefers to simplify the position; rightly so I think. His pieces need room to fight, before Black gets in ...e6-e5. }
22...Rxf1+ 23. Bxf1 hxg5 24. Ne3 Rf8 ( 24...a5 ) 25. Bg2 a5 26. Bd2 Qg6 27. Ng4 $1
{ Offering Pc2 isn't a problem because Pg5 would fall too. }
 ( 27. Qe2 
{ prevents ...g5-g4 and clears the way for Ra1 }
 ) 27...Rf5 $6
{ Since Black can't play ...e6-e5 this rook move doesn't help much. Better is to stir up trouble all across the board by breaking through White's "strong" dark squares with ...b5-b4. }
 ( 27...b4 28. axb4 axb4 29. cxb4 ( 29. Ra6 ) 29...Nxd4 30. Ne5 ) 28. Qe3 Kg7 29. Rb1 Kh7 30. a4 $5
{ Now it's White who controls b5! An invasion by the White rook could help win the game. One curious thing about this move is that, despite it being White who is forcing matters, Black can benefit to some extent by capturing the gambit pawn and advancing it. }
30...bxa4 ( 30...b4 31. cxb4 axb4 32. Bxb4 Nxb4 33. Rxb4 $16 ) 31. Bc1 Rf7 ( 31...e5 32. dxe5 Nf7 33. Nf6+ ) 32. Ba3 Qxc2 $4
{ It's not so easy to see, but this backfires on Black. Had it worked to achieve a victory or draw then we might have to reconsider the notation ("?!") . Black is trying to achieve, despite unorthodox means, the primary offensive plan -- to bash White's queen-side and, since White's king remains safe, to advance a pawn to promotion. Considering the alternatives this seems a reasonable try; and by doing so he distracts White, to some extent, from his king-side plans. }
 ( 32...Nf5 33. Qd2 Nh6 ) 33. Rc1 Qf5 34. Bh3
{ White threatens Nd6 and to move Ng4-e5. }
34...Ne4 35. Ne5 Qf2+ 36. Qxf2 Rxf2 37. Nxd7
{ Black's combination allows the "bad" Bd7 to be traded-off, so he has Rf2 and Ne4 activated, but at a cost. The question now is whether White can neutralize Ne4 & Rf2. To that end Nd7-c5 is in the offing. There may also be an opportunity for Bh3xe6. }
37...Ra2 38. Bc5 ( 38. Bf8 
{ is riskier because it's vulnerable to Kh7, but it leaves c5 available for ...Nd7-c5. }
 ) 38...Nd2 39. Bg2 ( 39. Bxe6 $4 Nf3+ 40. Kf1 Nxh2+ 41. Ke1 Nf3+ 42. Kf1 $11 ( 42. Kd1 Rd2# ) ) 39...a3 40. Nf8+ Kh6 $4
{ Black needs one or two very valuable tempi for his plan to advance Pa3. What can White do in the meantime, nothing except capture Pe6; unless Black puts his king in a dangerous spot! }
 ( 40...Kg8 
{ threatening ...Nc2-b3 to be followed quickly by ...Nb3xc5 to undermine Nf8 or ...Ra2xg2+ and ...a3-a2-a1=Q }
 41. Nxe6 Nb3 42. Rf1 Rxg2+ 43. Kxg2 a2 44. Ba3 
{ White threatens not only Ba3-b2, but gets both the bishop and knight in place to guard against the advance of Pa5. }
 ( 44. Nxg5 
{ an obvious try which doesn't deal quickly enough with the queen-side problems }
 44...a1=Q 45. Rxa1 Nxa1 46. Nf3 Nc2 47. Kf2 a4 48. Ne1 Nxe1 49. Kxe1 Na7 50. Kd2 Nb5 51. Kc2 Kg7 ( 51...a3 52. Bb4 
{ and Pa3 will fall after Kc2-b1-a2, but White will still be trading it for Pc3. This is, by no means, a win for White since Black will always have one great passed pawn }
 52...Kg7 53. Kb1 Kg6 54. Ka2 Kg5 55. Bxa3 Nxc3+ 56. Kb2 Ne2 57. Bc5 Kg4 ) 52. Kb2 Kg6 ) 44...a1=Q 45. Rxa1 Nxa1 46. Nc5 Nb3 ( 46...Nc2 
{ a little risky because the knight might get stuck }
 47. Bc1 g4 48. Kf2 Ne7 49. Na4 ) 47. Na4 ) 41. Re1
{ White is looking for moves which capture material AND check Black's king. This is to gain time for clearing the board of Black pawns. He'll probably have to gambit Bc5xa3 to get rid of that one. Bg2 is purely for defensive work at the moment, but if Pe6 disappears Bxd5 could also become useful. }
41...e5 ( 41...Kh5 42. Nxe6 ( 42. Rxe6 $4 Ra1+ 43. Kf2 a2 44. h3 g4 45. hxg4+ Kxg4 
{ and Pa2 might yet promote to have the last word }
 ) 42...g4 43. Bxd5 Nf3+ 44. Bxf3 gxf3 45. Nf4+ Kg4 46. d5 $18 ) 42. dxe5 g4 ( 42...Nxe5 43. Rxe5 Ra1+ 44. Kf2 a2 45. Re6+ Kh5 ( 45...Kg7 46. Rg6+ Kf7 47. Bxd5+ Ke8 48. Re6+ Kd8 ( 48...Kf7 49. Re1+ $18 ) 49. Bb6+ Kc8 50. Re8# ) 46. h3 g4 47. Be3 
{ and Black's king gets mated }
 ) 43. e6
{ moving off a square where Black's Nc6 could sacrifice itself desperado-style }
43...Nf3+ 44. Bxf3 gxf3 45. Kf1
{ It looks complicated enough to continue, though White clearly has the upper hand with Pa3 already attacked and Pe6 prepared to advance. White only needs to gobble up a bunch of pawns, so his knight & rook could win an ending without being distracted by Black pawns on the queen-side. }
 ( 45. e7 $2 Nxe7 46. Rxe7 Ra1+ 47. Kf2 a2 ) 1-0

[Event "SuperGM"]
[Site "Linares ESP"]
[Date "2002.02.23"]
[Round "1"]
[White "Shirov, Alexei"]
[Black "Anand, Viswanathan"]
[Result "1/2-1/2"]
[WhiteElo "2715"]
[BlackElo "2757"]
[Annotator "Hathaway, Mark"]

1. e4 c5 2. Nf3 e6
{ It could be argued the ideal pawn formation for Black is with ...d7-d6 and ...g7-g6 as in a Dragon or with ...e7-e6 and ...b7-b6 as in a Queen's Indian Defense. Both and everything else between are played. I've played the Najdorf and Scheveningen variations, but can easily see the advantages of the Dragon too. I haven't been too fond of 2...e6 because there's no added control of square e5, but that doesn't mean Black can't play ...Ng8-f6. 2...e6 serves a similar purpose to 1...e6 in a French Defense. It limits the scope of Bf1 and frees the way for Bf8 to develop. }
 ( 2...d6 ) 3. d4 ( 3. c3 d5 ) 3...cxd4
{ In this Sicilian Variation Black grabs the d-pawn before it can ever serve to support e4-e5. Now, usually, White must use f2-f4 to support the e4-e5 advance. But, that isn't the only plan White can utilize. Instead White aims for general piece activity and freedom of movement to hit Black wherever he can. }
4. Nxd4 Nc6 5. Nc3 ( 5. Nb5 d6 
{ is also played }
 ) 5...Qc7 6. Be2 a6
{ Black's pawns limit White's knights and Be2. Black seeks to keep open options while discouraging White from any active operations. }
7. O-O Nf6
{ This normal developing move creates an interesting threat: ...Bf8-b4xc3 and ...Nf6xe4. White tends to disregard this as a threat, to some extent, because the weakening of Black's dark squares is compensation for doubled c-file pawns. However, the loss of Pe4 requires more compensation. }
8. Be3 ( 8. Bg5 Bb4 9. Bxf6 gxf6 
{ and Black might use the g-file to threaten Kg1 }
 ) 8...Bb4 9. Na4
{ This is a most unusual variation, not often played, but popular for a time in the 1980s. It was "discussed" several times in the Polugaevsky Memorial/Sicilian Love tournament, Buenos Aires 1994. White exploits the weak dark squares in exchange for Pe4. It might seem impossible, at this early stage, for this to be sufficient compensation for a pawn, but it has shown to be effective. }
9...Be7 ( 9...Nxe4 10. Nxc6 bxc6 11. Nb6 Rb8 12. Nxc8 Qxc8 13. Qd3 d5 ( 13...Nc5 $4 14. Qd4 
{ threatens Bb4, Nc5 and Pg7 }
 ) 14. Qxa6 
{ So, White regains the pawn and leaves a very unbalanced pawn structure for an endgame. }
 ) 10. Nxc6 bxc6 11. Nb6 Rb8 12. Nxc8 Qxc8
{ With 9...Be7 Black has threatened ...Rb8xb2, but left Pe4. White's two bishops and freedom of movement should give him some lasting advantage. Whether Black can utilize Nf6 with advancing central pawns, meant to block White's pieces, is unclear. }
13. Bd4 O-O 14. Qd3 ( 14. Bd3 $2 
{ intending c2-c4 and e4-e5 }
 c5 15. Bxf6 ( 15. Bc3 c4 16. Be2 Nxe4 ) 15...Bxf6 
{ looks very good for Black }
 ) ( 14. f3 d5 15. e5 Nd7 
{ and White's efforts to slow Black might backfire because the closer the two armies come into contact the quicker Black's pawns will have their say. White does better to stay back from or go around Black's central pawns. }
 ) ( 14. e5 Nd5 
{ causes Black to block his Pd7 for a time }
 ) 14...Qc7 15. b3 a5 16. Rad1
{ White threatens Bxf6 followed by Qxd7 and seems interested only in simple piece play -- tactical opportunism. }
 ( 16. c4 
{ tries to prevent ...d7-d5 from occurring without several pawn exchanges opening up the board, but it weakens Pb3 }
 16...e5 ( 16...a4 $2 17. e5 Ne8 ) 17. Be3 d5 18. cxd5 cxd5 19. exd5 e4 20. Qd2 Rfd8 ) 16...d5 17. exd5 Nxd5 $5
{ Black accepts that his pawns will be broken up and just improves the knight. From d5 it threatens ...Nd5-f4 to snare Be2 or ... Nd5-b4 to grab Pa2. }
 ( 17...cxd5 
{ makes Pa2 & Pb3 vs. Pa5 a clear endgame advantage for White }
 ) ( 17...exd5 18. c4 
{ ensures Black's pawns will be broken up }
 ) 18. Bf3 Rfd8 19. c4 Nf6
{ Black obviously threatens ...c6-c5 }
20. Qc3
{ White turns the tables a bit and threatens Bd4-e5 which either wins the exchange (Be5xb8) or forces ...Be7-d6 which allows Be5xf6 to win a pawn and weaken Kg8. }
20...Bd6
{ It's amazing he'd offer to trade king-side pawns when Black's pawns are split, leaving Ph7 very weak. }
21. g3
{ White simply defends his pawn and "asks" Black if he can manage to do as well. }
 ( 21. Bxf6 gxf6 ( 21...Bxh2+ $4 22. Kh1 gxf6 23. g3 ) 22. Qxf6 Bxh2+ 23. Kh1 Be5 ) 21...c5 ( 21...Ne8 $4 22. c5 Bf8 23. Be5 ) ( 21...e5 
{ blocks Bd4 and on simple positional terms would be better than the game move, but the forcing variation it inspires is winning for White }
 22. c5 exd4 23. cxd6 dxc3 24. dxc7 $18 ) 22. Bxf6 gxf6 23. Qxf6 Be7 24. Qh6
{ White has won the pawn, weakened Ph7 and now plans Bf3-e4 (where else could the bishop be of use?) . }
24...Qe5 25. Rde1
{ White tries to get Bf3-e4 without allowing Black to undercut the effort by ...Rd8xd1. }
25...Qf6 26. Qh5 Bf8 27. Re4 ( 27. Be4 h6 28. Qe2 Rd4 ) ( 27. Re5 Rd4 28. Be4 28...h6 
{ might lead to an awkward placement of Re5 or Be4 }
 29. Bb1 ) 27...Rd4 28. Rxd4 Qxd4
{ preferring not to let White have a three-to-one queen-side pawn majority, even in exchange for a good passed central pawn }
29. Re1 ( 
{ less powerful is }
 29. Rd1 Qf6 30. Be4 h6 31. Bb1 
{ because it allows Black to fight Rd1 with his own rook }
 31...Rd8 32. Rxd8 Qxd8 33. Qg4+ Bg7 34. Qe4 Qc8 
{ defending against an invasion at c6 or b7 }
 ) 29...Qf6
{ clearing the d-file in preparation for ...Rb8-d8 }
30. Re4
{ but, White's king-side attack comes first }
30...Bg7 ( 30...Rd8 $2 31. Rg4+ Bg7 ( 31...Kh8 32. Rf4 ) 32. Be4 h6 33. Qxc5 Qa1+ 34. Kg2 f5 35. Qe7 ) 31. Rf4 ( 31. Qxc5 Qxf3 ) 31...Qe7 32. Rh4 h6 33. Rg4 f5 ( 33...Kh7 $4 34. Rxg7+ Kxg7 35. Qe5+ Qf6 36. Qxb8 Qxf3 37. Qe5+ Kg6 38. Qxc5 
{ gives White a clear endgame advantage, though it's never all that easy to win queen & pawn endings }
 ) 34. Rg6
{ courageous or risky? White threatens Qh5xh6 or Rg6xe6 with Bf3-d5 to follow. }
34...Kh7 35. g4
{ White has to pry the position open before Rg6 is completely trapped and lost. }
35...Rf8 ( 35...Qf7 $2 36. Rxh6+ Kg8 37. Rxe6 ) 36. gxf5 Rxf5 37. Be4 ( 37. Qg4 $4 Rxf3 38. Rxg7+ Qxg7 $19 ) 37...Rxh5 38. Rxe6+ Kh8 39. Rxe7
{ So, they've both survived the confusion and White has the extra pawn, but there are no queens and the bishops travel on different colors. Only the simple back rank mate threat is a concern. }
39...Re5
{ In one stroke Black forces further simplification while avoiding Re7-e8#. }
40. Rxe5 Bxe5 41. Kg2 Kg7 42. Bb1 Kf6 43. h4 Bf4 44. Kf3 Ke5 45. Kg4 Bc1 46. f3 Bd2 47. Kh5 Kf6 48. Bc2 Bc1 49. Be4 Bd2 50. Bd5 Bc1 51. a4 Be3 52. Bg8 Bd2
1/2-1/2